Geography Quiz

Random Geography or City Quiz

City Nicknames Quiz Stats

 Plays Quiz not verified by Sporcle

Support Sporcle.
Go Orange.
Score 0/48 Timer 05:00
0 Plays Today
Nickname City % Correct
The Big AppleNew York, NY
99.6%
Motor CityDetroit, MI
92.6%
City of AngelsLos Angeles, CA
92.6%
The City of Brotherly LovePhiladelphia, PA
89.6%
The Windy CityChicago, IL
88.5%
Sin CityLas Vegas, NV
84.8%
Music CityNashville, TN
82.2%
Steel CityPittsburgh, PA
78.9%
The Big EasyNew Orleans, LA
78.9%
Bean TownBoston, MA
76.7%
Gateway to the WestSt. Louis, MO
70.4%
Alien Capital of the WorldRoswell, NM
62.6%
City of LakesMinneapolis, MN
61.5%
The Biggest Little City in the WorldReno, NV
58.1%
The Big PineappleHonolulu, HI
56.7%
Valley of the SunPhoenix, AZ
53.7%
Space CityHouston, TX
38.5%
Home of the BluesMemphis, TN
33.3%
The Mile High CityDenver, CO
33%
The Emerald CitySeattle, WA
26.7%
Charm CityBaltimore, MD
19.3%
The Big 'O'Omaha, NB
17.4%
The City by the BaySan Francisco, CA
15.9%
The Derby CityLouisville, KY
13.3%
Nickname City % Correct
The Colonial CapitalNewport, RI
11.1%
Silicon BeachSan Diego, CA
9.3%
Oil Capital of the WorldTulsa, OK
8.9%
The Sweetest Place on EarthHershey, PA
7%
The Magic CityMiami, FL
4.8%
The City Too Busy to HateAtlanta, GA
4.4%
Palmetto CityCharleston, SC
4.4%
CowtownFort Worth, TX
3%
Sailing Capital of the WorldNewport, RI
2.6%
The Flower CityRochester, NY
2.2%
America's PlaygroundAtlantic City, NJ
2.2%
The Forest CityCleveland, OH
1.9%
The Cigar CityTampa, FL
1.9%
The Nickel CityBuffalo, NY
1.5%
The Glass CityNewport, RI
1.1%
The City of OaksRaleigh, NC
1.1%
BridgetownPortland, OR
1.1%
ChimneyvilleAnchorage, AK
0.4%
DogtownSanta Monica, CA
0.4%
The City of LightsAnchorage, AK
0%
The Druid CityTuscaloosa, AL
0%
The City of RosesLittle Rock, AR
-0.4%
The City in a ComaConcord, NH
-0.4%
Steak Capital of the WorldLincoln, NB
-0.4%

You're not logged in!

Compare scores with friends on all Sporcle quizzes.
OR
Log In

From the Vault

Doctor Who Matchup (2005 Series)

by MovieGuru

Why are we always confusing Dr. Who for Professor Spacetime?
Remove Ads.
Support Sporcle.
Get the best of Sporcle when you Go Orange. This ad-free experience offers more features, more stats, and more fun while also helping to support Sporcle. Thank you for becoming a member.

Show Comments

Extras

Created Sep 24, 2009ReportNominate
Tags:City Quiz, nickname

Top Quizzes Today


Score Distribution

Your Account Isn't Verified!

In order to create a playlist on Sporcle, you need to verify the email address you used during registration. Go to your Sporcle Settings to finish the process.

Report this User

Report this user for behavior that violates our Community Guidelines.

Details: